Statistics for Belgian Cities.

Click here to take the quiz!

General Stats

  • This quiz has been taken 17 times
  • The average score is 3 of 6

Answer Stats

Answer% Correct
Antwerp
100%
Brussels
100%
Liege
71%
Brugge
36%
Namur
21%
Bastonge
0%

Score Distribution

Percentile by Number Answered

Percent of People with Each Score

Your Score History

You have not taken this quiz